000 00656nam a2200241Ia 4500
005 20250425162743.0
008 250425s9999 xx 000 0 und d
020 _a9978864083
041 _aspa
043 _aec
082 _a348.022624
100 _aCORPORACION, DE ESTUDIOS Y PUBLICACIONES
245 0 _aLEY ORGÁNICA DE EDUCACIÓN SUPERIOR
250 _aS.E.
260 _aEcuador
_bCORPORACION DE ESTUDIOS Y PUBLICACIONES
_c2018
260 _aGUAYAQUIL
300 _a200
500 _aTOMO II
650 _aLEY ORGANICA DE EDUCACION SUPERIOR
710 _aCORPORACION DE ESTUDIOS Y PUBLICACIONES
942 _c01
010 _a105432
999 _c235752
_d235752